000 00595cam a22002053a 4500
001 33757
003 PGUSA
005 20140828083729.0
008 100918s2010||||xxu|||||s|||||000 | eng d
040 _aPGUSA
_beng
042 _adc
100 1 _aGray, Asa,
_d1810-1888
245 1 4 _aThe Elements of Botany :
_bFor Beginners and For Schools
_h[electronic resource] /
_cAsa Gray
260 _bProject Gutenberg,
_c2010
506 _aPublic domain in the USA.
516 _aElectronic text
830 0 _aProject Gutenberg
_v33757
856 4 0 _uhttp://www.gutenberg.org/ebooks/33757
942 _cEB
999 _c263012
_d263012